000 00733nas a2200253 4500
001 BR9205635
003 BR-BrBNA
005 20231205092854.0
007 ta
008 230509b bl.|||p| |||| 00| 00por d
040 _aBR-BrBNA
_bpor
_cBiblioteca Nacional de Agricultura
041 _a(Pt)
072 _aF01
100 1 _aFontes, P.C.R.
100 1 _aMenezes Sobrinho, J.A. de
245 1 _aEfeito de diferentes espacamentos entre plantas e fileiras na producao da cebola
650 _aCEBOLA
650 _aPLANTIO
650 _aESPACAMENTO
650 _aBULBO
773 0 _tRevista de Olericultura (Brazil)
_x
_g(1975), (no. 15) p. 47-49
_wBR9205635
909 _a202311
_bLúcia
_c55
_dLúcia Elande
942 _2AGRIS
_n0
_cANA
999 _c134792
_d134792